|
|
|
|
| LEADER |
00000nab a2200000 a 4500 |
| 001 |
vtls009171757 |
| 003 |
SK-MaSNL |
| 005 |
20260303210742.0 |
| 008 |
080108 2007 xo 000 0 slo |
| 038 |
|
|
|a LVTK
|
| 040 |
|
|
|a LVTK
|b slo
|e ACCR2
|c LVTK
|
| 041 |
|
|
|a slo
|
| 044 |
|
|
|a xo
|c SK
|
| 080 |
|
|
|a 379.8
|2 2001
|
| 245 |
0 |
0 |
|a Poďte relaxovať do Relaxu!
|c [zhováral sa] SYSA
|
| 300 |
|
|
|b Fotogr.
|
| 610 |
2 |
7 |
|a Relax Centrum
|2 lvtk
|9 1242908
|
| 650 |
0 |
7 |
|a voľný čas
|2 SNKPH
|9 3355
|
| 650 |
0 |
7 |
|a služby
|2 SNKPHl
|9 2356
|
| 651 |
|
7 |
|a Tlmače (Slovensko)
|2 lvtk
|9 83779
|
| 700 |
1 |
|
|a Harmadyová, Dagmar
|4 aut
|4 ive
|9 1242909
|
| 773 |
0 |
|
|t Pohronie
|g Roč. 62 , č. 34 (2007), s. 7
|
| 852 |
|
|
|a LVTK
|b KIS3GCP
|
| 999 |
|
|
|c 2201519
|d 2203449
|